000 00375nam a2200145Ia 4500
008 210210b1988 xxu||||| |||| 00| 0 eng d
020 _a0 14 011663 X
082 _a820.33 WOLM
100 _aWOLPERT (Stanley).
245 _aMassacre at Jallianwala Bagh.
260 _aN Y
_bPenguin Books
_c1988
300 _avi,318,iv
690 _aIndian English Fiction
906 _a043854
999 _c93309
_d93309